[Event "SLO-chT2 Ost"]
[Site "Slovenia"]
[Date "2021.10.16"]
[Round "8.3"]
[White "Koscak, Jan"]
[Black "Vizovisek, Slavko"]
[Result "1-0"]
[WhiteElo "1810"]
[BlackElo "1867"]
[PlyCount "61"]
[EventDate "2021.09.11"]
[EventType "team-tourn"]
[EventRounds "9"]
[EventCountry "SLO"]
[SourceTitle "EXT 2024"]
[Source "ChessBase"]
[SourceDate "2023.10.10"]
[SourceVersion "1"]
[SourceVersionDate "2023.10.10"]
[SourceQuality "1"]
[WhiteTeam "Ruse Messer"]
[BlackTeam "Maribor Poligram III"]
[WhiteTeamCountry "SLO"]
[BlackTeamCountry "SLO"]

1. d4 Nf6 2. Nf3 e6 3. c4 c5 4. d5 exd5 5. cxd5 d6 6. Nc3 Be7 7. e4 0-0 8. h3 Re8 9. Bd3 a6 10. a4 Nbd7 11. 0-0 Nf8 12. Nd2 Ng6 13. f4 h6 14. Nc4 Bf8 15. Qf3 Nd7 16. e5 dxe5 17. Bxg6 fxg6 18. fxe5 Qe7 19. e6 Nf6 20. Bxh6 Bxe6 21. Rae1 Bxd5 22. Nxd5 Qxe1 23. Rxe1 Rxe1+ 24. Kf2 Re6 25. Nc7 Rae8 26. Nxe8 Nxe8 27. Bg5 b5 28. Qd5 Nc7 29. Qd7 bxc4 30. Qxc7 Rd6 31. h4 1-0

[Event "SLO-CupT"]
[Site "Dobrna"]
[Date "2019.04.14"]
[Round "4.6"]
[White "Brinovec, Dusan"]
[Black "Vizovisek, Slavko"]
[Result "1-0"]
[WhiteElo "2237"]
[BlackElo "1836"]
[PlyCount "43"]
[EventDate "2019.04.12"]
[EventType "team-swiss"]
[EventRounds "5"]
[EventCountry "SLO"]
[SourceTitle "EXT 2020"]
[Source "ChessBase"]
[SourceDate "2019.10.17"]
[SourceVersion "1"]
[SourceVersionDate "2019.10.17"]
[SourceQuality "1"]
[WhiteTeam "Zalec"]
[BlackTeam "Maribor ZSK"]
[WhiteTeamCountry "SLO"]
[BlackTeamCountry "SLO"]

1. d4 Nf6 2. Nf3 e6 3. e3 d5 4. Bd3 c5 5. b3 Nc6 6. a3 a6 7. Bb2 Bd6 8. Nbd2 0-0 9. c4 Re8 10. 0-0 e5 11. cxd5 Nxd5 12. dxc5 Bxc5 13. Bxh7+ Kf8 14. Qc2 Qe7 15. Be4 Be6 16. Nxe5 Nxe5 17. Bxe5 Bxa3 18. Rxa3 Nxe3 19. fxe3 Qxa3 20. Nc4 Bxc4 21. Qxc4 Qe7 22. Bd6 1-0

[Event "SLO-CupT"]
[Site "Dobrna"]
[Date "2019.04.12"]
[Round "1"]
[White "Vizovisek, Slavko"]
[Black "Benko, Bostjan"]
[Result "1/2-1/2"]
[WhiteElo "1836"]
[BlackElo "1943"]
[PlyCount "85"]
[EventDate "2019.04.12"]
[EventType "team-swiss"]
[EventRounds "5"]
[EventCountry "SLO"]
[SourceTitle "EXT 2020"]
[Source "ChessBase"]
[SourceDate "2019.10.17"]
[SourceVersion "1"]
[SourceVersionDate "2019.10.17"]
[SourceQuality "1"]
[WhiteTeam "Maribor ZSK"]
[BlackTeam "Zagorje ob Savi"]
[WhiteTeamCountry "SLO"]
[BlackTeamCountry "SLO"]

1. e4 e5 2. d4 exd4 3. c3 d5 4. Qxd4 dxe4 5. Qxe4+ Be7 6. Bg5 Nc6 7. Nf3 Be6 8. Bxe7 Ngxe7 9. Bb5 a6 10. Bxc6+ Nxc6 11. 0-0 0-0 12. Nbd2 Re8 13. Qc2 Qd7 14. Nb3 Bf5 15. Qd2 Qxd2 16. Nbxd2 Rad8 17. Rfe1 f6 18. Rxe8+ Rxe8 19. Re1 Rd8 20. h3 Kf7 21. Nb3 Be6 22. Nc5 Bc8 23. Nb3 b6 24. Re2 Be6 25. Rd2 Rxd2 26. Nfxd2 Ne5 27. Nc1 Bf5 28. f3 Nd3 29. Nxd3 Bxd3 30. Kf2 Ke6 31. Ke3 Bc2 32. g4 g5 33. f4 Ba4 34. Nf3 gxf4+ 35. Kxf4 c5 36. g5 Bc6 37. Nd2 Kf7 38. h4 b5 39. Nf1 fxg5+ 40. hxg5 Ke6 41. Ne3 Be8 42. Ng4 Bg6 43. Ne3 1/2-1/2

[Event "SLO-chT2 East"]
[Site "Slovenia"]
[Date "2018.12.09"]
[Round "9"]
[White "Maric Vild, Fabijan"]
[Black "Vizovisek, Slavko"]
[Result "1/2-1/2"]
[WhiteElo "1686"]
[BlackElo "1845"]
[PlyCount "83"]
[EventDate "2018.09.15"]
[EventType "team-tourn"]
[EventRounds "9"]
[EventCountry "SLO"]
[SourceTitle "EXT 2021"]
[Source "ChessBase"]
[SourceDate "2020.10.23"]
[SourceVersion "1"]
[SourceVersionDate "2020.10.23"]
[SourceQuality "1"]
[WhiteTeam "Ljutomer Radenska"]
[BlackTeam "Maribor ZSK III"]
[WhiteTeamCountry "SLO"]
[BlackTeamCountry "SLO"]

1. e4 c5 2. Nf3 a6 3. d4 cxd4 4. Nxd4 Nf6 5. Nc3 d6 6. Bg5 h6 7. Bh4 g5 8. Bg3 Bg7 9. f3 Qb6 10. Nb3 Nc6 11. Bf2 Qc7 12. Qd2 b5 13. Be2 Ne5 14. Nd4 Bb7 15. Nf5 Bf8 16. Nd5 Bxd5 17. exd5 Nc4 18. Bxc4 Qxc4 19. Ne3 Qc7 20. 0-0-0 Rc8 21. h4 Rg8 22. g4 a5 23. Kb1 b4 24. hxg5 hxg5 25. Nf5 Qc4 26. Be3 Kd7 27. Bxg5 Nxd5 28. Qxd5 Rxg5 29. Qxc4 Rxc4 30. Rh8 Bg7 31. Nxg7 Rxg7 32. Ra8 Rg5 33. Ra7+ Rc7 34. Rxc7+ Kxc7 35. Re1 e5 36. Kc1 f5 37. gxf5 Rxf5 38. Re3 Kc6 39. Kd2 Kc5 40. c3 Rf4 41. cxb4+ Rxb4 42. Rc3+ 1/2-1/2

[Event "SLO-chT2 East"]
[Site "Slovenia"]
[Date "2018.12.08"]
[Round "8"]
[White "Vizovisek, Slavko"]
[Black "Husar, Matjaz"]
[Result "1-0"]
[WhiteElo "1845"]
[BlackElo "1691"]
[PlyCount "59"]
[EventDate "2018.09.15"]
[EventType "team-tourn"]
[EventRounds "9"]
[EventCountry "SLO"]
[SourceTitle "EXT 2021"]
[Source "ChessBase"]
[SourceDate "2020.10.23"]
[SourceVersion "1"]
[SourceVersionDate "2020.10.23"]
[SourceQuality "1"]
[WhiteTeam "Maribor ZSK III"]
[BlackTeam "Gornja Radgona"]
[WhiteTeamCountry "SLO"]
[BlackTeamCountry "SLO"]

1. e4 e6 2. d4 d5 3. Nc3 dxe4 4. Nxe4 Bd7 5. Nf3 Bc6 6. Bd3 Be7 7. 0-0 Nf6 8. Qe2 Nxe4 9. Bxe4 Bxe4 10. Qxe4 c6 11. Qg4 Bf6 12. Bf4 Qd5 13. b3 0-0 14. c4 Qe4 15. Rfe1 Qg6 16. Qxg6 hxg6 17. Bd6 Re8 18. Rad1 Nd7 19. g4 Be7 20. Bxe7 Rxe7 21. d5 cxd5 22. cxd5 e5 23. Rc1 Nf6 24. d6 Rd7 25. Rc7 Rxc7 26. dxc7 Rc8 27. Rd1 Rxc7 28. Rd8+ Kh7 29. Ng5+ Kh6 30. h4 1-0

[Event "Bled Planinc Memorial 1st"]
[Site "Bled"]
[Date "2018.11.24"]
[Round "9"]
[White "Vizovisek, Slavko"]
[Black "Gavrish, Leonid"]
[Result "1-0"]
[WhiteElo "1845"]
[BlackElo "2144"]
[PlyCount "93"]
[EventDate "2018.11.24"]
[EventType "swiss (blitz)"]
[EventRounds "9"]
[EventCountry "SLO"]
[SourceTitle "CBM 187 Extra"]
[Source "ChessBase"]
[SourceDate "2018.11.04"]
[SourceVersion "1"]
[SourceVersionDate "2018.11.04"]
[SourceQuality "1"]

1. e4 d6 2. d4 Nf6 3. Bd3 e5 4. dxe5 dxe5 5. Nf3 Nc6 6. h3 Bc5 7. 0-0 0-0 8. Nc3 Re8 9. Bg5 h6 10. Bh4 g5 11. Bg3 Nh5 12. Bh2 Nf4 13. Bxf4 gxf4 14. Na4 Bf8 15. Bb5 Qf6 16. Nc3 Rd8 17. Nd5 Qd6 18. Bxc6 bxc6 19. Nc3 Qf6 20. Qe2 Rb8 21. Rab1 Qg7 22. Kh2 Bd6 23. Qc4 Rb4 24. Qe2 Be6 25. b3 Kh7 26. Rbd1 Rg8 27. Rg1 Rbb8 28. Na4 f5 29. c4 c5 30. Nc3 Rbf8 31. Nh4 fxe4 32. Qxe4+ Kh8 33. Nb5 Be7 34. Nf3 Bf6 35. Nc3 Rd8 36. Rxd8 Rxd8 37. Nd5 Bxd5 38. cxd5 Qh7 39. Qc4 e4 40. Nd2 Bd4 41. Qe2 e3 42. fxe3 fxe3 43. Nc4 Rxd5 44. Kh1 Rf5 45. Rf1 Rf2 46. Rxf2 exf2 47. Nd2 1-0

[Event "SLO-chT2 East"]
[Site "Slovenia"]
[Date "2018.09.29"]
[Round "2"]
[White "Vizovisek, Slavko"]
[Black "Matjasic, Matjaz"]
[Result "1-0"]
[WhiteElo "1845"]
[BlackElo "1636"]
[PlyCount "59"]
[EventDate "2018.09.15"]
[EventType "team-tourn"]
[EventRounds "9"]
[EventCountry "SLO"]
[SourceTitle "EXT 2021"]
[Source "ChessBase"]
[SourceDate "2020.10.23"]
[SourceVersion "1"]
[SourceVersionDate "2020.10.23"]
[SourceQuality "1"]
[WhiteTeam "Maribor ZSK III"]
[BlackTeam "Brezice"]
[WhiteTeamCountry "SLO"]
[BlackTeamCountry "SLO"]

1. e4 e5 2. d4 exd4 3. c3 dxc3 4. Bc4 Qf6 5. Nxc3 c6 6. Nf3 Bb4 7. Bd2 Ne7 8. 0-0 0-0 9. a3 Bxc3 10. Bg5 Qg6 11. Bxe7 Bxb2 12. Rb1 Re8 13. Bd6 Bf6 14. Qb3 b5 15. Bd3 Qg4 16. Qc2 Be7 17. h3 Qe6 18. Bf4 h6 19. e5 Bxa3 20. Rbd1 Ba6 21. Nd4 Qe7 22. Qe2 Qh4 23. Qe4 g6 24. Nf3 Qe7 25. Bxh6 b4 26. Bg5 Qe6 27. Qh4 Bxd3 28. Bf6 Qxf6 29. exf6 b3 30. Ng5 1-0

[Event "SLO-chT2 East"]
[Site "Slovenia"]
[Date "2017.12.09"]
[Round "8"]
[White "Ojstersek, Jurij"]
[Black "Vizovisek, Slavko"]
[Result "1/2-1/2"]
[WhiteElo "1409"]
[BlackElo "1884"]
[PlyCount "80"]
[EventDate "2017.09.30"]
[EventType "team-tourn"]
[EventRounds "9"]
[EventCountry "SLO"]
[SourceTitle "EXT 2019"]
[Source "ChessBase"]
[SourceDate "2018.10.10"]
[SourceVersion "1"]
[SourceVersionDate "2018.10.10"]
[SourceQuality "1"]

1. e4 c5 2. Bc4 a6 3. a4 Nc6 4. Nf3 d6 5. d4 cxd4 6. Nxd4 Bd7 7. Be3 Nf6 8. Nd2 Ng4 9. Nxc6 bxc6 10. Bd4 e5 11. Bc3 Be7 12. Qe2 Nf6 13. Bxa6 0-0 14. a5 Bg4 15. f3 Be6 16. Bb7 Ra7 17. Bxc6 Qc7 18. Bb5 d5 19. exd5 Nxd5 20. Bxe5 Qxc2 21. Ne4 Bb4+ 22. Bc3 Bxc3+ 23. bxc3 Qb3 24. Bc4 Qb7 25. Bxd5 Qxd5 26. 0-0 Rxa5 27. Rxa5 Qxa5 28. Qb2 Rc8 29. Rd1 h6 30. Qb4 Qa2 31. Rd2 Qa7+ 32. Qd4 Qc7 33. g4 Qc6 34. Qd6 Qxd6 35. Rxd6 Kf8 36. Kf2 Ke7 37. Ra6 Rc7 38. Ke3 g6 39. Ra3 f5 40. Nd2 fxg4 1/2-1/2

[Event "SLO-chT2 East"]
[Site "Slovenia"]
[Date "2017.10.15"]
[Round "2"]
[White "Zavratnik, Maks"]
[Black "Vizovisek, Slavko"]
[Result "1/2-1/2"]
[WhiteElo "1626"]
[BlackElo "1884"]
[PlyCount "63"]
[EventDate "2017.09.30"]
[EventType "team-tourn"]
[EventRounds "9"]
[EventCountry "SLO"]
[SourceTitle "EXT 2019"]
[Source "ChessBase"]
[SourceDate "2018.10.10"]
[SourceVersion "1"]
[SourceVersionDate "2018.10.10"]
[SourceQuality "1"]

1. e4 c5 2. Bc4 a6 3. Nc3 d6 4. a3 Nf6 5. Nge2 Nc6 6. 0-0 g6 7. d3 Bg7 8. h3 Bd7 9. f4 Qc8 10. Kh2 0-0 11. Rb1 b5 12. Bd5 e6 13. Bxc6 Bxc6 14. Ng3 Qc7 15. Qe1 b4 16. Nce2 a5 17. b3 d5 18. e5 Nd7 19. a4 d4 20. Ng1 Qb7 21. Nf3 Rae8 22. Ne4 Bxe4 23. dxe4 Rd8 24. Qe2 Qc6 25. Nd2 Nb6 26. Re1 Rd7 27. Nc4 Nxc4 28. Qxc4 Rfd8 29. Qd3 Rc8 30. Qc4 Bf8 31. Bb2 Rcd8 32. Rbd1 1/2-1/2

[Event "SLO-chT2 East"]
[Site "Slovenia"]
[Date "2016.11.12"]
[Round "6"]
[White "Skuhala, Barbara"]
[Black "Vizovisek, Slavko"]
[Result "1-0"]
[WhiteElo "1913"]
[BlackElo "1853"]
[PlyCount "69"]
[EventDate "2016.09.24"]
[EventType "team-tourn"]
[EventRounds "9"]
[EventCountry "SLO"]
[SourceTitle "EXT 2019"]
[Source "ChessBase"]
[SourceDate "2018.10.10"]
[SourceVersion "1"]
[SourceVersionDate "2018.10.10"]
[SourceQuality "1"]
[WhiteTeam "Ljutomer Radenska"]
[BlackTeam "Maribor ZSK III"]
[WhiteTeamCountry "SLO"]
[BlackTeamCountry "SLO"]

1. e4 c5 2. Nf3 a6 3. d4 cxd4 4. Nxd4 Nf6 5. Nc3 d6 6. Be3 Ng4 7. Bc1 g6 8. f3 Ne5 9. Be3 Bd7 10. Qd2 Nbc6 11. Nd5 Rc8 12. Nb3 Be6 13. Bb6 Qd7 14. f4 Bh6 15. Be3 Ng4 16. Nb6 Qc7 17. Nxc8 Bxc8 18. h3 Nxe3 19. Qxe3 e5 20. g3 0-0 21. c3 Re8 22. Qf3 d5 23. f5 dxe4 24. Qxe4 Bxf5 25. Qh4 Bg7 26. Bg2 Bd3 27. 0-0-0 e4 28. Rhe1 Nb4 29. Rd2 Nxa2+ 30. Kd1 Nxc3+ 31. bxc3 Qxc3 32. Rxd3 Qxd3+ 33. Nd2 e3 34. Re2 Qb3+ 35. Nxb3 1-0

[Event "Ptuj op"]
[Site "Ptuj"]
[Date "2015.08.08"]
[Round "6"]
[White "Leonardi, Caterina"]
[Black "Vizovisek, Slavko"]
[Result "1-0"]
[WhiteElo "2079"]
[BlackElo "1847"]
[PlyCount "61"]
[EventDate "2015.08.03"]
[EventType "swiss"]
[EventRounds "9"]
[EventCountry "SLO"]
[SourceTitle "CBM 167 Extra"]
[Source "ChessBase"]
[SourceDate "2015.09.14"]
[SourceVersion "1"]
[SourceVersionDate "2015.09.14"]
[SourceQuality "1"]

1. d4 d5 2. c4 e6 3. Nf3 Nf6 4. g3 c5 5. cxd5 exd5 6. Bg2 Be7 7. 0-0 0-0 8. dxc5 Bxc5 9. Bg5 Nbd7 10. Nc3 h6 11. Bf4 Qe7 12. Rc1 Nb6 13. a3 Bg4 14. Nb5 a6 15. b4 axb5 16. Rxc5 Ne4 17. Rc7 Qd8 18. Rxb7 Nc4 19. Qd4 Rxa3 20. Kh1 Nc3 21. Bxh6 Qf6 22. Qxf6 gxf6 23. Bxf8 Kxf8 24. h3 Bxf3 25. Bxf3 Rb3 26. Ra1 Nd6 27. Rd7 Nde4 28. Bxe4 Nxe4 29. Raa7 Nxf2+ 30. Kg2 Ne4 31. Rxf7+ 1-0

[Event "Ptuj op"]
[Site "Ptuj"]
[Date "2015.08.07"]
[Round "5"]
[White "Vizovisek, Slavko"]
[Black "Spelec, Darko"]
[Result "1/2-1/2"]
[WhiteElo "1847"]
[BlackElo "1921"]
[PlyCount "30"]
[EventDate "2015.08.03"]
[EventType "swiss"]
[EventRounds "9"]
[EventCountry "SLO"]
[SourceTitle "CBM 167 Extra"]
[Source "ChessBase"]
[SourceDate "2015.09.14"]
[SourceVersion "1"]
[SourceVersionDate "2015.09.14"]
[SourceQuality "1"]

1. e4 e5 2. Nf3 Nc6 3. Bb5 a6 4. Ba4 Nf6 5. 0-0 Be7 6. Re1 b5 7. Bb3 d6 8. c3 0-0 9. h3 Bb7 10. d4 Re8 11. Ng5 Rf8 12. Nf3 Re8 13. Ng5 Rf8 14. Nf3 Re8 15. Ng5 Rf8 1/2-1/2

[Event "Ptuj op"]
[Site "Ptuj"]
[Date "2015.08.04"]
[Round "2"]
[White "Klemencic, Marjan"]
[Black "Vizovisek, Slavko"]
[Result "0-1"]
[WhiteElo "1443"]
[BlackElo "1847"]
[PlyCount "58"]
[EventDate "2015.08.03"]
[EventType "swiss"]
[EventRounds "9"]
[EventCountry "SLO"]
[SourceTitle "CBM 167 Extra"]
[Source "ChessBase"]
[SourceDate "2015.09.14"]
[SourceVersion "1"]
[SourceVersionDate "2015.09.14"]
[SourceQuality "1"]

1. d4 d5 2. Bf4 e6 3. Nf3 c5 4. c3 Nc6 5. e3 Nf6 6. b3 Be7 7. Bd3 h6 8. Ne5 0-0 9. Nd2 Bd6 10. Ndf3 Qc7 11. dxc5 Bxe5 12. Bg3 Bxg3 13. hxg3 Ne5 14. b4 Nxd3+ 15. Qxd3 e5 16. Qb5 Bd7 17. Qe2 Bg4 18. Qc2 Ne4 19. Rh4 Bf5 20. g4 Bg6 21. Qb2 b6 22. Ke2 bxc5 23. b5 d4 24. cxd4 cxd4 25. Rc1 Nc3+ 26. Ke1 Rfe8 27. exd4 exd4+ 28. Kf1 Qc4+ 29. Kg1 Ne2+ 0-1